Languages of belonging : (Record no. 20792)

MARC details
000 -LEADER
fixed length control field 01835cam a2200337 a 4500
001 - CONTROL NUMBER
control field 13275225
003 - CONTROL NUMBER IDENTIFIER
control field BDDh-ASL
005 - DATE AND TIME OF LATEST TRANSACTION
control field 20231015025933.0
008 - FIXED-LENGTH DATA ELEMENTS--GENERAL INFORMATION
fixed length control field 030715s2004 nyuab b 001 0 eng
010 ## - LIBRARY OF CONGRESS CONTROL NUMBER
LC control number 2003015966
020 ## - INTERNATIONAL STANDARD BOOK NUMBER
International Standard Book Number 0195219392 (Hardcover : alk. paper)
040 ## - CATALOGING SOURCE
Original cataloging agency DLC
Transcribing agency DLC
Modifying agency DLC
-- BDDh-ASL
043 ## - GEOGRAPHIC AREA CODE
Geographic area code a-ii---
050 00 - LIBRARY OF CONGRESS CALL NUMBER
Classification number DS485.K25
Item number Z88 2004
082 00 - DEWEY DECIMAL CLASSIFICATION NUMBER
Classification number 954.6
Edition number 22
Item number ZUL
100 1# - MAIN ENTRY--PERSONAL NAME
Personal name Zutshi, Chitralekha,
Dates associated with a name 1972-
245 10 - TITLE STATEMENT
Title Languages of belonging :
Remainder of title Islam, regional identity, and the making of Kashmir /
Statement of responsibility, etc. Chitralekha Zutshi.
260 ## - PUBLICATION, DISTRIBUTION, ETC.
Place of publication, distribution, etc. New York :
Name of publisher, distributor, etc. Oxford University Press,
Date of publication, distribution, etc. c2004.
300 ## - PHYSICAL DESCRIPTION
Extent xvi, 359 p. :
Other physical details ill., 3 maps ;
Dimensions 22 cm.
504 ## - BIBLIOGRAPHY, ETC. NOTE
Bibliography, etc. note Includes bibliographical references (p. [334]-352) and index.
505 0# - FORMATTED CONTENTS NOTE
Formatted contents note Mulk-i-Kashmir : history, memory, and representation -- Political economy and class formation in Kashmir -- Contested identities in the Kashmir Valley -- Education, class, language, and identity -- The politics of identity : religious community, region, and nation in Kashmiri discourse -- Kashmiri visions of nationalism and regionalism.
650 #0 - SUBJECT ADDED ENTRY--TOPICAL TERM
Topical term or geographic name entry element Islam and politics
Geographic subdivision India
-- Jammu and Kashmir.
650 #0 - SUBJECT ADDED ENTRY--TOPICAL TERM
Topical term or geographic name entry element Nationalism
Geographic subdivision India
-- Jammu and Kashmir.
651 #0 - SUBJECT ADDED ENTRY--GEOGRAPHIC NAME
Geographic name Jammu and Kashmir (India)
General subdivision History.
856 41 - ELECTRONIC LOCATION AND ACCESS
Materials specified Table of contents only
Uniform Resource Identifier <a href="http://www.loc.gov/catdir/toc/ecip046/2003015966.html">http://www.loc.gov/catdir/toc/ecip046/2003015966.html</a>
856 42 - ELECTRONIC LOCATION AND ACCESS
Materials specified Publisher description
Uniform Resource Identifier <a href="http://www.loc.gov/catdir/enhancements/fy0614/2003015966-d.html">http://www.loc.gov/catdir/enhancements/fy0614/2003015966-d.html</a>
856 42 - ELECTRONIC LOCATION AND ACCESS
Materials specified Contributor biographical information
Uniform Resource Identifier <a href="http://www.loc.gov/catdir/enhancements/fy0722/2003015966-b.html">http://www.loc.gov/catdir/enhancements/fy0722/2003015966-b.html</a>
906 ## - LOCAL DATA ELEMENT F, LDF (RLIN)
a 7
b cbc
c orignew
d 1
e ecip
f 20
g y-gencatlg
942 ## - ADDED ENTRY ELEMENTS (KOHA)
Source of classification or shelving scheme Dewey Decimal Classification
Koha item type Books
Holdings
Withdrawn status Lost status Source of classification or shelving scheme Damaged status Not for loan Collection code Home library Current library Shelving location Date acquired Source of acquisition Total Checkouts Full call number Barcode Date last seen Copy number Price effective from Koha item type Public note
    Dewey Decimal Classification   Not For Loan Non-fiction Asiatic Society Library Asiatic Society Library Ludden Collection 01/14/2021 Donated by Prof. David Ludden   954.6 ZUL 104292 01/14/2021 C-1 01/14/2021 Books RARE
    Dewey Decimal Classification   Not For Loan Non-fiction Asiatic Society Library Asiatic Society Library Ludden Collection 01/14/2021 Donated by Prof. David Ludden   954.6 ZUL 104293 01/14/2021 C-2 01/14/2021 Books RARE

Powered by Koha